[Event "31.Alpenpokal Oberstdorf op"]
[Site "Tiefenbach (13.01.-21.01)"]
[Date "2005.01.19"]
[Round "7.6"]
[White "Froehlich, Rainer[37Sonth]"]
[Black "Emde, Rainer"]
[Result "0-1"]
[WhiteElo "1964"]
[BlackElo "1995"]
[PlyCount "62"]
[EventDate "2005.01.??"]
[Source "ChessOrg"]
[SourceDate "2005.02.28"]

1. c4 e6 2. Nc3 d5 3. d4 c5 4. cxd5 exd5 5. Nf3 Nc6 6. e3 Nf6 7. Be2 cxd4 8.
Nxd4 Bd6 9. Bf3 Be5 10. O-O O-O 11. a3 Re8 12. Nde2 Be6 13. Qa4 Qc7 14. g3 a6
15. Rd1 Rad8 16. Nd4 Bxd4 17. exd4 Bg4 18. Bxg4 Nxg4 19. h3 Nf6 20. Bg5 Qe7 21.
Qb3 Na5 22. Qa2 h6 23. Nxd5 Rxd5 24. Bxf6 Qd7 25. b4 Nc6 26. Qd2 gxf6 27. Qxh6
Qf5 28. Re1 Red8 29. h4 Rxd4 30. Rac1 Ne5 31. Rf1 Ng4 0-1

[Event "31.Alpenpokal Oberstdorf op"]
[Site "Tiefenbach (13.01.-21.01)"]
[Date "2005.01.19"]
[Round "7.7"]
[White "Klempt, Guenter"]
[Black "Woell, Josef"]
[Result "1-0"]
[WhiteElo "1936"]
[BlackElo "1895"]
[PlyCount "89"]
[EventDate "2005.01.??"]
[Source "ChessOrg"]
[SourceDate "2005.02.28"]

1. d4 d5 2. c4 c6 3. Nf3 Nf6 4. Nc3 b6 5. Bg5 Bb7 6. e3 Nbd7 7. cxd5 Nxd5 8.
Nxd5 cxd5 9. Bb5 f6 10. Bf4 e6 11. Rc1 Rc8 12. O-O Be7 13. Qa4 a6 14. Rxc8 Qxc8
15. Bd3 b5 16. Qd1 O-O 17. Qb1 f5 18. Rc1 Qd8 19. h3 Bc8 20. Rc6 Nf6 21. Qc2
Ne4 22. a4 bxa4 23. Bxa6 Bd7 24. Rc7 Bf6 25. Ne5 Bxe5 26. Bxe5 Nf6 27. Qc5 h5
28. Qa7 Rf7 29. Bb5 Qe8 30. Bxa4 Bxa4 31. Rxf7 Qxf7 32. Qxa4 Qb7 33. Bxf6 gxf6
34. Qe8+ Kg7 35. Qxe6 f4 36. exf4 Qxb2 37. Qe3 Qc2 38. Kh2 Kf8 39. Qf3 Qf5 40.
g3 Ke7 41. g4 hxg4 42. hxg4 Qh7+ 43. Kg3 Kd6 44. Qa3+ Kc6 45. Qa6+ 1-0

[Event "31.Alpenpokal Oberstdorf op"]
[Site "Tiefenbach (13.01.-21.01)"]
[Date "2005.01.19"]
[Round "7.8"]
[White "Poell, Guenter"]
[Black "Vreugdenhil, Frans"]
[Result "1/2-1/2"]
[WhiteElo "1815"]
[BlackElo "1872"]
[PlyCount "73"]
[EventDate "2005.01.??"]
[Source "ChessOrg"]
[SourceDate "2005.02.28"]

1. f4 e5 2. fxe5 d6 3. Nf3 g5 4. d3 g4 5. Bg5 Qd7 6. Nfd2 dxe5 7. e4 Be7 8.
Bxe7 Qxe7 9. Nc3 Be6 10. Qe2 Nd7 11. Nb3 a5 12. Qe3 h5 13. d4 c6 14. d5 cxd5
15. Nxd5 Bxd5 16. exd5 f5 17. Bd3 f4 18. Qd2 Ngf6 19. Bb5 O-O 20. d6 Qd8 21.
Bxd7 Nxd7 22. Qd5+ Rf7 23. O-O-O b6 24. Nd2 a4 25. Ne4 Ra5 26. Qe6 Kg7 27. Qc4
Nc5 28. Nxc5 Rxc5 29. Qxa4 Rd7 30. Qe4 Rxd6 31. Rxd6 Qxd6 32. Rd1 Qc6 33. Qf5
Rd5 34. Qg5+ Kf8 35. Qf5+ Kg7 36. Qg5+ Kf8 37. Qf5+ 1/2-1/2

[Event "31.Alpenpokal Oberstdorf op"]
[Site "Tiefenbach (13.01.-21.01)"]
[Date "2005.01.19"]
[Round "7.9"]
[White "Seyfarth, Rudolf"]
[Black "Aigner, Georg"]
[Result "0-1"]
[WhiteElo "1807"]
[BlackElo "1855"]
[PlyCount "100"]
[EventDate "2005.01.??"]
[Source "ChessOrg"]
[SourceDate "2005.02.28"]

1. c4 e5 2. Nc3 Nf6 3. g3 d5 4. cxd5 Nxd5 5. Bg2 Be6 6. e3 c6 7. Nge2 Nd7 8. d4
Be7 9. e4 N5b6 10. d5 Bg4 11. O-O Nf6 12. h3 Bd7 13. d6 Bf8 14. b3 Nc8 15. Ba3
Be6 16. f4 Qa5 17. fxe5 Nd7 18. Bb2 $5 (18. Nd5 $1 cxd5 19. exd5 Qxa3 20. dxe6
fxe6 21. Bxb7 Rb8 22. Qc1 Qxc1 23. Raxc1 Nxd6 24. exd6 Bxd6 25. Bc6) 18... Qxe5
19. Nf4 Bxd6 20. Na4 Qg5 21. Nxe6 fxe6 22. h4 Qxg3 23. Rf2 Ne5 24. Rc1 Nd3 25.
Rf3 Qh2+ 26. Kf1 Nxc1 27. Qxc1 Rf8 28. Qg5 Rxf3+ 29. Bxf3 Bg3 30. Bh5+ g6 31.
Bxg6+ hxg6 32. Qxg6+ Kd7 33. Qg7+ Kd6 34. Ba3+ c5 35. Qd4+ Kc7 36. Qxc5+ Kb8
37. Qd4 Bxh4 38. e5 Qh1+ 39. Ke2 Qg2+ 40. Kd3 Qd5 41. Qxd5 exd5 42. Nc5 Kc7 43.
Ne6+ Kd7 44. Ng7 Be7 45. e6+ Kc6 46. b4 a5 47. Nf5 axb4 48. Nxe7+ Nxe7 49. Bxb4
Nf5 50. a3 Re8 0-1

[Event "31.Alpenpokal Oberstdorf op"]
[Site "Tiefenbach (13.01.-21.01)"]
[Date "2005.01.19"]
[Round "7.10"]
[White "Borries, Barbara"]
[Black "Marek, Herbert"]
[Result "1/2-1/2"]
[WhiteElo "1798"]
[BlackElo "1701"]
[PlyCount "28"]
[EventDate "2005.01.??"]
[Source "ChessOrg"]
[SourceDate "2005.02.28"]

1. e4 c5 2. c3 d6 3. d4 Nf6 4. dxc5 Nc6 5. f3 dxc5 6. Qc2 e6 7. Bb5 Bd7 8. Ne2
Be7 9. Be3 a6 10. Bxc6 Bxc6 11. O-O O-O 12. Nd2 b5 13. Rfd1 Qc7 14. c4 Bb7
1/2-1/2

[Event "31.Alpenpokal Oberstdorf op"]
[Site "Tiefenbach (13.01.-21.01)"]
[Date "2005.01.19"]
[Round "7.11"]
[White "Josting, Friedel"]
[Black "Boeven, Manfred"]
[Result "0-1"]
[WhiteElo "1869"]
[BlackElo "1993"]
[PlyCount "58"]
[EventDate "2005.01.??"]
[Source "ChessOrg"]
[SourceDate "2005.02.28"]

1. d4 d5 2. Nf3 Bf5 3. c4 e6 4. Nc3 c6 5. cxd5 exd5 6. e3 Nf6 7. Be2 Nbd7 8. h3
Bd6 9. Bd2 O-O 10. O-O Ne4 11. Nxe4 Bxe4 12. Bc3 f5 13. Nd2 Qg5 14. Nxe4 fxe4
15. Bd2 Rae8 16. Bh5 g6 17. Be2 Qe7 18. Rc1 Rf7 19. Qb3 Nf6 20. f4 exf3 21.
Bxf3 Bb8 22. Rf2 Qc7 23. Kf1 Ne4 24. Bxe4 Rxf2+ 25. Kxf2 Rxe4 26. Ke2 Re7 27.
Qd1 Qb6 28. Qf1 Rf7 29. Ke1 Bg3+ 0-1

[Event "31.Alpenpokal Oberstdorf op"]
[Site "Tiefenbach (13.01.-21.01)"]
[Date "2005.01.19"]
[Round "7.12"]
[White "Meyer, Gerd[61Huckarde]"]
[Black "Gerhards, Walter"]
[Result "1-0"]
[WhiteElo "1925"]
[BlackElo "1805"]
[PlyCount "79"]
[EventDate "2005.01.??"]
[Source "ChessOrg"]
[SourceDate "2005.02.28"]

1. e4 e5 2. f4 d5 3. Nf3 dxe4 4. Nxe5 Nf6 5. Bc4 Be6 6. Bxe6 fxe6 7. Qe2 Bd6 8.
Nc3 Nbd7 9. Nxe4 Nxe4 10. Qxe4 O-O 11. d4 Nf6 12. Qxb7 Nd5 13. O-O c5 14. Qd7
Rf6 15. c4 Nb6 16. Qxd8+ Rxd8 17. Be3 cxd4 18. Bxd4 Bxe5 19. Bxb6 Bd4+ 20. Bxd4
Rxd4 21. Rac1 Rd2 22. b4 Rxa2 23. c5 Rf7 24. c6 Rc7 25. b5 Kf7 26. Rf2 Ra4 27.
g3 Rb4 28. Rc5 Rd4 29. Rfc2 g6 30. Kf2 Ke7 31. Ke3 Rd1 32. Rd2 Rxd2 33. Kxd2
Kd6 34. Re5 Rc8 35. Kd3 Rc7 36. Kd4 Rc8 37. Re2 Rd8 38. Kc4 Re8 39. Rd2+ Kc7
40. Rd7+ 1-0

[Event "31.Alpenpokal Oberstdorf op"]
[Site "Tiefenbach (13.01.-21.01)"]
[Date "2005.01.19"]
[Round "7.14"]
[White "Rueggeberg, Wilhelm"]
[Black "Heissenbuettel, Hans-Erich"]
[Result "1/2-1/2"]
[WhiteElo "1805"]
[BlackElo "1879"]
[PlyCount "24"]
[EventDate "2005.01.??"]
[Source "ChessOrg"]
[SourceDate "2005.02.28"]

1. d4 Nf6 2. Nf3 d5 3. c4 e6 4. e3 Nc6 5. Nc3 Nd7 6. Bd2 a6 7. a4 Bd6 8. Bd3
O-O 9. O-O Re8 10. Qc2 Nf8 11. h3 Qe7 12. Rfc1 Nb4 1/2-1/2

[Event "31.Alpenpokal Oberstdorf op"]
[Site "Tiefenbach (13.01.-21.01)"]
[Date "2005.01.19"]
[Round "7.16"]
[White "Johne, Siegfried"]
[Black "Tauscher, Max"]
[Result "1-0"]
[WhiteElo "1843"]
[BlackElo "1671"]
[PlyCount "61"]
[EventDate "2005.01.??"]
[Source "ChessOrg"]
[SourceDate "2005.02.28"]

1. e4 c5 2. Nf3 Nc6 3. Bb5 d6 4. c4 a6 5. Ba4 Bd7 6. Nc3 g6 7. d4 cxd4 8. Nxd4
Bg7 9. Nde2 Nf6 10. O-O O-O 11. Rb1 Ne5 12. Bxd7 Qxd7 13. b3 Nc6 14. Be3 Ng4
15. Bb6 Nf6 16. Qd2 Qc8 17. f3 h6 18. Rbd1 Re8 19. Nf4 Nd7 20. Na4 Rb8 21. Be3
b5 22. cxb5 axb5 23. Nc3 Kh7 24. Ncd5 e5 25. Ne2 Re6 26. Rc1 Qb7 27. Rc2 Bf8
28. Rfc1 Rc8 29. Nb4 Nc5 30. Nxc6 Rxc6 31. b4 1-0

[Event "31.Alpenpokal Oberstdorf op"]
[Site "Tiefenbach (13.01.-21.01)"]
[Date "2005.01.19"]
[Round "7.17"]
[White "Maugg, Ludwig"]
[Black "Schwichtenberg, Juergen"]
[Result "1-0"]
[WhiteElo "1942"]
[BlackElo "1639"]
[PlyCount "111"]
[EventDate "2005.01.??"]
[Source "ChessOrg"]
[SourceDate "2005.02.28"]

1. d4 Nf6 2. c4 e5 3. dxe5 Ne4 4. a3 b6 5. Nf3 Bb7 6. Qc2 d6 7. Nc3 Nc5 8. Bg5
Be7 9. Bxe7 Qxe7 10. exd6 Qxd6 11. Rd1 Qg6 12. Qxg6 hxg6 13. Nd5 Ne6 14. e3 a5
15. Be2 Nc6 16. O-O O-O 17. Rd2 Rfd8 18. Rfd1 Kf8 19. Nc3 Rxd2 20. Rxd2 Rd8 21.
Rxd8+ Ncxd8 22. Nb5 Ke7 23. Ne5 Kf6 24. Nd3 Ke7 25. f3 Ba6 26. b3 Bb7 27. Kf1
Nc6 28. Ke1 Ncd8 29. Kd2 Kd7 30. Ne5+ Ke7 31. Kc3 Kf6 32. Nd3 Ke7 33. b4 axb4+
34. axb4 Ba6 35. Nd4 c6 36. f4 b5 37. c5 Bb7 38. Bf3 f6 39. g4 Kd7 40. Be4 Nf8
41. h4 Ke7 42. h5 gxh5 43. Nf5+ Kd7 44. gxh5 g6 45. hxg6 Nxg6 46. Nd6 Ne7 47.
Bg2 Ng6 48. e4 Nh4 49. Bh3+ Ke7 50. e5 Ng6 51. Kd4 fxe5+ 52. fxe5 Ba8 53. Ke4
Ne6 54. Bxe6 Kxe6 55. Nf4+ Nxf4 56. Kxf4 1-0

[Event "31.Alpenpokal Oberstdorf op"]
[Site "Tiefenbach (13.01.-21.01)"]
[Date "2005.01.19"]
[Round "7.18"]
[White "Ludwig, Ines"]
[Black "Sakowski, Christian"]
[Result "1/2-1/2"]
[WhiteElo "1521"]
[BlackElo "1771"]
[PlyCount "79"]
[EventDate "2005.01.??"]
[Source "ChessOrg"]
[SourceDate "2005.02.28"]

1. d4 Nf6 2. e3 e6 3. Bd3 b6 4. f4 Bb7 5. Nf3 c5 6. c3 cxd4 7. exd4 Be7 8. Qe2
O-O 9. O-O d6 10. Nbd2 g6 11. Ne4 Nbd7 12. Nxf6+ Nxf6 13. Ng5 Re8 14. Ne4 Nxe4
15. Bxe4 Bxe4 16. Qxe4 d5 17. Qe2 Qc7 18. Bd2 Bf6 19. Rae1 Qc6 20. Qf3 b5 21.
a3 a5 22. Qg3 Bg7 23. Qd3 Qc4 24. Qb1 Qb3 25. Rf3 Rec8 26. Kh1 Qc4 27. b3 Qc6
28. h3 Bf8 29. Bc1 b4 30. cxb4 axb4 31. a4 Qb6 32. Bb2 Bg7 33. Rd1 Rc6 34. Qd3
Rac8 35. Qf1 Rc2 36. Rf2 Kf8 37. Rxc2 Rxc2 38. Ba1 Qc6 39. Qe1 Qb6 40. Rd2
1/2-1/2

[Event "31.Alpenpokal Oberstdorf op"]
[Site "Tiefenbach (13.01.-21.01)"]
[Date "2005.01.19"]
[Round "7.19"]
[White "Herzog, Manfred[60Sulzfeld]"]
[Black "Bruestle, Wilfried"]
[Result "1/2-1/2"]
[WhiteElo "1756"]
[BlackElo "1614"]
[PlyCount "22"]
[EventDate "2005.01.??"]
[Source "ChessOrg"]
[SourceDate "2005.02.28"]

1. d4 e6 2. g4 d5 3. Nf3 Bd6 4. Bg5 Qd7 5. Ne5 Bxe5 6. dxe5 Ne7 7. e3 h6 8. Bh4
b6 9. Nd2 Ba6 10. Bg2 Ng6 11. Bg3 c6 1/2-1/2

[Event "31.Alpenpokal Oberstdorf op"]
[Site "Tiefenbach (13.01.-21.01)"]
[Date "2005.01.19"]
[Round "7.20"]
[White "Gelzinnus, Siegfried"]
[Black "Krawinkel, Hans-Werner"]
[Result "0-1"]
[WhiteElo "1515"]
[BlackElo "1676"]
[PlyCount "52"]
[EventDate "2005.01.??"]
[Source "ChessOrg"]
[SourceDate "2005.02.28"]

1. f4 d5 2. d3 Nf6 3. Nd2 Ng4 4. Nb3 g6 5. c3 Bg7 6. Nf3 Bd7 7. g3 Ba4 8. Bg2
c5 9. Qd2 Nd7 10. O-O O-O 11. e4 dxe4 12. dxe4 c4 13. Nbd4 e5 14. Nc2 Qb6+ 15.
Kh1 Rad8 16. h3 Ngf6 17. Qe2 exf4 18. gxf4 Nh5 19. Kh2 Qc7 20. Nfd4 Nb6 21. Bd2
Bh6 22. Qf3 Bxc2 23. Nxc2 Rxd2 24. Nd4 Nxf4 25. Rg1 Nxg2+ 26. Kh1 Nh4 0-1

[Event "31.Alpenpokal Oberstdorf op"]
[Site "Tiefenbach (13.01.-21.01)"]
[Date "2005.01.19"]
[Round "7.22"]
[White "Miessner, Rolf"]
[Black "Ludwig, Karl-Heinz,Prof.Dr."]
[Result "1-0"]
[WhiteElo "1554"]
[BlackElo "1190"]
[PlyCount "93"]
[EventDate "2005.01.??"]
[Source "ChessOrg"]
[SourceDate "2005.02.28"]

1. e4 e5 2. Nf3 Nf6 3. Nc3 c6 4. d4 exd4 5. Nxd4 Bc5 6. Bg5 Qe7 7. Be2 Qe5 8.
Nf3 Qd6 9. O-O (9. Qxd6 Bxd6 10. e5) 9... O-O 10. Qxd6 Bxd6 11. e5 Bb4 12. exf6
Bxc3 13. bxc3 g6 14. Bd3 d5 15. Rfe1 Be6 16. Nd4 Re8 17. Re2 Nd7 18. Rae1 Nc5
19. Nxe6 Nxe6 20. f4 b5 21. f5 Nc7 22. Bf4 Rxe2 23. Rxe2 Ne8 24. fxg6 hxg6 25.
Bg5 a6 26. Re7 c5 27. a3 c4 28. Be2 Nd6 29. Bf3 Re8 30. Rxe8+ Nxe8 31. Bxd5 Nd6
32. Bf4 Nf5 33. g4 Nh4 34. Bg3 g5 35. Bxh4 gxh4 36. Be4 a5 37. Kg2 Kf8 38. Kh3
Ke8 39. Bf5 Kf8 40. Kxh4 Kg8 41. Kg5 Kf8 42. Bd7 b4 43. cxb4 axb4 44. axb4 c3
45. b5 Kg8 46. Kh6 Kf8 47. b6 1-0

[Event "31.Alpenpokal Oberstdorf op"]
[Site "Tiefenbach (13.01.-21.01)"]
[Date "2005.01.19"]
[Round "7.23"]
[White "Emser, Heinrich"]
[Black "Mueller, Dieter[45Halle]"]
[Result "1-0"]
[WhiteElo "1685"]
[BlackElo "1451"]
[PlyCount "51"]
[EventDate "2005.01.??"]
[Source "ChessOrg"]
[SourceDate "2005.02.28"]

1. e4 d6 2. d4 Nf6 3. Bd3 g6 4. Ne2 Bg7 5. O-O O-O 6. c3 Bg4 7. f3 Bd7 8. Be3
b5 9. Ng3 a5 10. Qd2 Re8 11. Qe2 b4 12. Bc4 e6 13. a3 d5 14. Bd3 Bc6 15. e5
Nfd7 16. Nd2 f6 17. f4 f5 18. Nf3 bxc3 19. bxc3 Nb6 20. Rab1 Qe7 21. Bc1 N8d7
22. c4 Na4 23. Qc2 Ndb6 24. c5 Nc8 25. Bb5 Qd7 26. Qxa4 1-0

[Event "31.Alpenpokal Oberstdorf op"]
[Site "Tiefenbach (13.01.-21.01)"]
[Date "2005.01.19"]
[Round "7.24"]
[White "Winter, Rudolf[29G.Gerau]"]
[Black "Poffers, Rieke"]
[Result "1/2-1/2"]
[WhiteElo "1654"]
[BlackElo "1799"]
[PlyCount "40"]
[EventDate "2005.01.??"]
[Source "ChessOrg"]
[SourceDate "2005.02.28"]

1. Nf3 Nc6 2. g3 d5 3. d3 Bg4 4. Bg2 e5 5. Nbd2 Nf6 6. e4 dxe4 7. dxe4 Qd7 8.
O-O O-O-O 9. Qe1 Bd6 10. Nc4 h6 11. Nxd6+ Qxd6 12. Nd2 Nd4 13. Nc4 Qe6 14. Ne3
Be2 15. f4 Bxf1 16. Qxf1 Qe8 17. c3 Nc6 18. Nd5 Nd7 19. Be3 Nb6 20. Qb5 Ne7
1/2-1/2

[Event "31.Alpenpokal Oberstdorf op"]
[Site "Tiefenbach (13.01.-21.01)"]
[Date "2005.01.19"]
[Round "7.25"]
[White "Thonig, Manfred"]
[Black "Heyse, Juergen"]
[Result "1-0"]
[WhiteElo "1555"]
[BlackElo "1553"]
[PlyCount "103"]
[EventDate "2005.01.??"]
[Source "ChessOrg"]
[SourceDate "2005.02.28"]

1. f4 e5 2. fxe5 d6 3. exd6 Bxd6 4. Nf3 g5 5. g3 g4 6. Nh4 Be7 7. Ng2 h5 8. d4
Nf6 9. Bg5 Nc6 10. c3 Qd5 11. Bxf6 Bxf6 12. Nd2 h4 13. e4 Qg5 14. e5 Be7 15.
Ne4 Qf5 16. Bd3 Qf3 17. Qxf3 gxf3 18. Nxh4 Bxh4 19. gxh4 Rxh4 20. Nf6+ Kd8 21.
Kf2 Ne7 22. Rae1 c6 23. Re4 Rxe4 24. Bxe4 Bf5 25. Bxf3 Bh3 26. Rg1 Kc7 27. Rg7
Be6 28. b3 Rh8 29. Rh7 Rxh7 30. Nxh7 Bf5 31. Nf6 Ng6 32. Kg3 Kd8 33. h4 Nf8 34.
Kf4 Bb1 35. a3 Ng6+ 36. Kg5 Ke7 37. h5 Nh8 38. Be4 Bxe4 39. Nxe4 Kf8 40. h6 Ng6
41. Nf6 b6 42. e6 Ke7 43. exf7 Kxf7 44. Nd7 Ne7 45. Ne5+ Kg8 46. c4 Kh7 47. Ng4
Ng8 48. Nf6+ Nxf6 49. Kxf6 Kxh6 50. Ke6 Kg6 51. Kd6 Kf6 52. Kxc6 1-0

[Event "31.Alpenpokal Oberstdorf op"]
[Site "Tiefenbach (13.01.-21.01)"]
[Date "2005.01.19"]
[Round "7.26"]
[White "Fehres, Werner"]
[Black "Poffers, Gerrit"]
[Result "1/2-1/2"]
[WhiteElo "1705"]
[BlackElo "1443"]
[PlyCount "24"]
[EventDate "2005.01.??"]
[Source "ChessOrg"]
[SourceDate "2005.02.28"]

1. e4 c5 2. f4 d6 3. c3 e5 4. d3 Nc6 5. Nf3 Nf6 6. Be2 Be7 7. Na3 Bd7 8. g3 a6
9. O-O O-O 10. b3 b5 11. Nc2 Qc7 12. Ne3 Qc8 1/2-1/2

[Event "31.Alpenpokal Oberstdorf op"]
[Site "Tiefenbach (13.01.-21.01)"]
[Date "2005.01.19"]
[Round "7.27"]
[White "Luebbers, Doris,Dr."]
[Black "Schulz, Hermann[35Ülzen]"]
[Result "1/2-1/2"]
[WhiteElo "1395"]
[BlackElo "1565"]
[PlyCount "63"]
[EventDate "2005.01.??"]
[Source "ChessOrg"]
[SourceDate "2005.02.28"]

1. d4 Nf6 2. c4 e6 3. Nc3 Bb4 4. Qc2 d5 5. e3 c5 6. dxc5 Ne4 7. a3 Qa5 8. Bd2
Nxd2 9. Qxd2 Bxc3 10. Qxc3 Qxc3+ 11. bxc3 dxc4 12. Bxc4 O-O 13. Nf3 Nd7 14. O-O
Nxc5 15. Rfd1 b6 16. Be2 Bb7 17. Nd4 Rac8 18. c4 Na4 19. Rac1 Rfd8 20. h3 Kf8
21. Kf1 Nc5 22. Rb1 Be4 23. Rb5 Rd6 24. f3 Bb7 25. Rbb1 Rd7 26. Nb5 Bc6 27.
Rdc1 Bxb5 28. cxb5 Rdc7 29. Ra1 Na4 30. Re1 Rc3 31. e4 Nb2 32. a4 1/2-1/2

[Event "31.Alpenpokal Oberstdorf op"]
[Site "Tiefenbach (13.01.-21.01)"]
[Date "2005.01.19"]
[Round "7.28"]
[White "Poppitz, Joachim"]
[Black "Wahl, Hedi"]
[Result "1-0"]
[WhiteElo "1369"]
[BlackElo "1364"]
[PlyCount "90"]
[EventDate "2005.01.??"]
[Source "ChessOrg"]
[SourceDate "2005.02.28"]

1. e4 g6 2. Nf3 Bg7 3. Bc4 d6 4. O-O e6 5. Nc3 Nf6 6. d3 a6 7. a4 O-O 8. Bg5
Qe8 9. Qd2 Nc6 10. Ne2 e5 11. c3 Bg4 12. Ne1 Be6 13. Bxe6 Qxe6 14. Nf3 Na5 15.
Nc1 Nd7 16. b4 Nc6 17. Bh6 f6 18. Bxg7 Kxg7 19. Ne2 Rad8 20. Rfe1 Qe8 21. Ng3
Rh8 22. d4 Qf7 23. d5 Ne7 24. a5 h5 25. h3 h4 26. Ne2 Rh5 27. Nh2 Rdh8 28. f3
g5 29. Rf1 Qg6 30. c4 f5 31. Nc3 Nf6 32. Qe2 Qh6 33. b5 Nd7 34. Na4 Qf6 35.
Rac1 Ng6 36. c5 Nf4 37. Qc4 Qf8 38. bxa6 bxa6 39. Rb1 Qa8 40. c6 Qa7+ 41. Kh1
Nc5 42. Nxc5 Qxc5 43. Qxc5 dxc5 44. Rb7 Rc8 45. Rfb1 Kf6 {und im 58. Zug 1-0}
1-0

[Event "31.Alpenpokal Oberstdorf op"]
[Site "Tiefenbach (13.01.-21.01)"]
[Date "2005.01.20"]
[Round "8.1"]
[White "Koops, Randolf"]
[Black "Wempe, Juergen"]
[Result "1/2-1/2"]
[WhiteElo "2122"]
[BlackElo "2134"]
[PlyCount "27"]
[EventDate "2005.01.??"]
[Source "ChessOrg"]
[SourceDate "2005.02.28"]

1. d4 b5 2. e4 Bb7 3. Bxb5 Bxe4 4. Nf3 c6 5. Bd3 Nf6 6. Nc3 Qa5 7. O-O Bxd3 8.
Qxd3 d6 9. Bd2 Qa6 10. Qxa6 Nxa6 11. a3 e6 12. b4 Rb8 13. Rab1 Nc7 14. Rfe1
1/2-1/2

[Event "31.Alpenpokal Oberstdorf op"]
[Site "Tiefenbach (13.01.-21.01)"]
[Date "2005.01.20"]
[Round "8.2"]
[White "Emde, Rainer"]
[Black "Van Baarle, C John"]
[Result "1-0"]
[WhiteElo "1995"]
[BlackElo "2198"]
[PlyCount "61"]
[EventDate "2005.01.??"]
[Source "ChessOrg"]
[SourceDate "2005.02.28"]

1. d4 Nf6 2. Nf3 e6 3. e3 c5 4. c4 d5 5. Nc3 Nc6 6. a3 a6 7. dxc5 Bxc5 8. b4
Bd6 9. cxd5 exd5 10. Be2 O-O 11. Bb2 Bc7 12. O-O Qd6 13. Rc1 Bg4 14. g3 Rad8
15. b5 Na5 16. bxa6 bxa6 17. Na4 Bb6 18. Be5 Qe6 19. Nxb6 Bxf3 20. Bxf6 Bxe2
21. Qxe2 Qxb6 22. Bxd8 Rxd8 23. Rfd1 Nc4 24. e4 Nxa3 25. exd5 Nb5 26. Qe7 g6
27. Rc6 Qb8 28. d6 a5 29. d7 Nc7 30. Rdc1 Ne6 31. Rc8 1-0

[Event "31.Alpenpokal Oberstdorf op"]
[Site "Tiefenbach (13.01.-21.01)"]
[Date "2005.01.20"]
[Round "8.3"]
[White "Poffers, Adriaan"]
[Black "Wahl, Frithjof,Dr."]
[Result "1-0"]
[WhiteElo "2253"]
[BlackElo "1992"]
[PlyCount "111"]
[EventDate "2005.01.??"]
[Source "ChessOrg"]
[SourceDate "2005.02.28"]

1. c4 g6 2. d4 Bg7 3. e4 d6 4. Nc3 Nc6 5. d5 Nd4 6. Be3 c5 7. Nge2 Nxe2 8. Bxe2
Nf6 9. O-O O-O 10. Bg5 h6 11. Bh4 Nh7 12. f4 g5 13. Bg3 f5 14. Qc2 fxe4 15.
Nxe4 g4 16. Bh4 Bf5 17. Bd3 Qd7 18. Rae1 Rf7 19. Re2 Nf8 20. Rfe1 Ng6 21. Bg3
Raf8 22. Rf1 a6 23. Qd2 b5 24. Be1 b4 25. g3 a5 26. a3 Rb8 27. Qc1 Ra8 28. Qc2
Raf8 29. Bd2 Rb8 30. axb4 axb4 31. Ra1 Rff8 32. Ree1 Rf7 33. Ra5 Nf8 34. Rea1
Bh7 35. Ra7 Qc8 36. R1a5 Bf5 37. b3 Bd4+ 38. Kg2 Nh7 39. Bc1 Bg7 40. Bb2 Nf8
41. Bxg7 Kxg7 42. Nf2 Bh7 43. Bxh7 Nxh7 44. Qe2 Qf8 45. Qxg4+ Kh8 46. Qe2 Rg7
47. Qb2 Nf6 48. Qa1 Qf7 49. Ra8 Rxa8 50. Rxa8+ Ng8 51. Qb2 Qf5 52. Qd2 h5 53.
Qe3 Qc2 54. Qd3 Qb2 55. Kf1 Qc1+ 56. Qd1 1-0

[Event "31.Alpenpokal Oberstdorf op"]
[Site "Tiefenbach (13.01.-21.01)"]
[Date "2005.01.20"]
[Round "8.4"]
[White "Schlierkamp, Ferdinand"]
[Black "Klempt, Guenter"]
[Result "1-0"]
[WhiteElo "2089"]
[BlackElo "1936"]
[PlyCount "38"]
[EventDate "2005.01.??"]
[Source "ChessOrg"]
[SourceDate "2005.02.28"]

1. d4 Nf6 2. Nf3 g6 3. Bf4 Bg7 4. Nbd2 d6 5. e4 O-O 6. h3 c5 7. dxc5 dxc5 8. c3
Nc6 9. Qc2 e6 10. Nc4 b5 11. Rd1 Bd7 12. Nce5 Nxe5 13. Nxe5 a6 14. Bg5 Qc7 15.
Bxf6 Bxf6 16. Nxd7 Be7 17. Nxf8 Bxf8 18. Be2 Qf4 19. O-O c4 1-0

[Event "31.Alpenpokal Oberstdorf op"]
[Site "Tiefenbach (13.01.-21.01)"]
[Date "2005.01.20"]
[Round "8.5"]
[White "Moehring, Norbert"]
[Black "Kleifges, Matthias,Dr."]
[Result "1-0"]
[WhiteElo "1954"]
[BlackElo "2019"]
[PlyCount "59"]
[EventDate "2005.01.??"]
[Source "ChessOrg"]
[SourceDate "2005.02.28"]

1. b4 d5 2. Bb2 Qd6 3. a3 e5 4. e3 Nf6 5. c4 c6 6. Nf3 Bg4 7. h3 Bxf3 8. Qxf3
Nbd7 9. cxd5 e4 10. Qd1 cxd5 11. Bb5 Be7 12. f4 exf3 13. Qxf3 O-O 14. O-O a6
15. Ba4 b5 16. Bc2 Rac8 17. Bf5 Rc7 18. Bd4 Ne5 19. Qf4 Ng6 20. Bxg6 hxg6 21.
Be5 Qd7 22. Bxc7 d4 23. Be5 dxe3 24. Qxe3 Rd8 25. Nc3 Qe6 26. Bc7 Qxe3+ 27.
dxe3 Rd3 28. Be5 Rxe3 29. Bxf6 Bxf6 30. Nd5 1-0

[Event "31.Alpenpokal Oberstdorf op"]
[Site "Tiefenbach (13.01.-21.01)"]
[Date "2005.01.20"]
[Round "8.6"]
[White "Wunderer, Eckart"]
[Black "Erhart, Uwe"]
[Result "1/2-1/2"]
[WhiteElo "1974"]
[BlackElo "1988"]
[PlyCount "53"]
[EventDate "2005.01.??"]
[Source "ChessOrg"]
[SourceDate "2005.02.28"]

1. e4 c5 2. Nf3 d6 3. Bb5+ Bd7 4. Bxd7+ Qxd7 5. c4 Nc6 6. O-O Nf6 7. Nc3 g6 8.
d4 cxd4 9. Nxd4 Bg7 10. Nde2 O-O 11. f3 Rac8 12. Bg5 h6 13. Be3 b6 14. Qd2 Kh7
15. Rad1 Ne5 16. b3 Qb7 17. h3 Ned7 18. Nf4 Rfd8 19. Nfd5 Nxd5 20. Nxd5 Nc5 21.
Bd4 Bxd4+ 22. Qxd4 Ne6 23. Qd3 Nc5 24. Qe3 f6 25. Nf4 Qd7 26. Qe2 Ne6 27. Nd5
1/2-1/2

[Event "31.Alpenpokal Oberstdorf op"]
[Site "Tiefenbach (13.01.-21.01)"]
[Date "2005.01.20"]
[Round "8.7"]
[White "Aigner, Georg"]
[Black "Froehlich, Rainer[37Sonth]"]
[Result "1/2-1/2"]
[WhiteElo "1855"]
[BlackElo "1964"]
[PlyCount "64"]
[EventDate "2005.01.??"]
[Source "ChessOrg"]
[SourceDate "2005.02.28"]

1. e4 e6 2. d4 d5 3. Nd2 c5 4. dxc5 Bxc5 5. Nb3 Bb6 6. exd5 exd5 7. Bb5+ Nc6 8.
Nf3 Nge7 9. O-O O-O 10. h3 Bf5 11. c3 a6 12. Bd3 Qd7 13. Bxf5 Nxf5 14. Nbd4
Ncxd4 15. Nxd4 Nxd4 16. cxd4 Rac8 17. Be3 Rc6 18. Rc1 Rg6 19. Qf3 Re8 20. Rc2
h6 21. Kh2 Re4 22. Rfc1 Kh7 23. g3 Rf6 24. Qd1 Qf5 25. Rc8 Rxe3 26. fxe3 Qf2+
27. Kh1 Qxg3 28. Qg4 Qxe3 29. R8c3 Qd2 30. R3c2 Qd3 31. Rc3 Qd2 32. R3c2 Qd3
1/2-1/2

[Event "31.Alpenpokal Oberstdorf op"]
[Site "Tiefenbach (13.01.-21.01)"]
[Date "2005.01.20"]
[Round "8.9"]
[White "Vreugdenhil, Frans"]
[Black "Borries, Barbara"]
[Result "1-0"]
[WhiteElo "1872"]
[BlackElo "1798"]
[PlyCount "57"]
[EventDate "2005.01.??"]
[Source "ChessOrg"]
[SourceDate "2005.02.28"]

1. e4 e6 2. d4 d5 3. Nc3 Nf6 4. e5 Nfd7 5. f4 c5 6. Nf3 Nc6 7. Be3 cxd4 8. Nxd4
Nxd4 9. Bxd4 a6 10. Qg4 g6 11. Bd3 Nc5 12. O-O-O Nxd3+ 13. Rxd3 Bd7 14. Qf3 Qc7
15. g4 O-O-O 16. Qf2 Re8 17. Bb6 Qb8 18. Ne2 Be7 19. Nd4 Bc6 20. Rc3 Kd7 21. a3
Rc8 22. f5 Rhf8 23. Re1 Ba4 24. Rf3 Rce8 25. fxe6+ fxe6 26. Rf7 Kc8 27. Nxe6
Rxf7 28. Qxf7 Kd7 29. Nc5+ 1-0